书目信息 |
| 题名: |
数字电子技术基础重点难点剖析与解题指导
|
|
| 作者: | 蔡明生 , 周子群 主编 | |
| 分册: | ||
| 出版信息: | 长沙 湖南大学出版社 2002.10 |
|
| 页数: | 273页 | |
| 开本: | 26cm | |
| 丛书名: | ||
| 单 册: | ||
| 中图分类: | TN79 | |
| 科图分类: | ||
| 主题词: | 数字电路--电子技术--解题 | |
| 电子资源: | ||
| ISBN: | 7-81053-544-7 | |
| 000 | 00884nam0 2200241 450 | |
| 001 | 0101023156 | |
| 005 | 20050628102225.76 | |
| 010 | @a7-81053-544-7@dCNY24.00 | |
| 100 | @a20030827d2002 em y0chiy0121 ea | |
| 101 | 0 | @achi |
| 102 | @aCN@b430000 | |
| 105 | @aa aq 000yy | |
| 200 | 1 | @a数字电子技术基础重点难点剖析与解题指导@AShu Zi Dian Zi Ji Shu Ji Chu Zhong Dian Nan Dian Pou Xi YuJie Ti Zhi Dao@f蔡明生, 周子群主编@Fcai ming sheng,zhou zi qun zhu bian |
| 210 | @a长沙@c湖南大学出版社@d2002.10 | |
| 215 | @a273页@c图@d26cm | |
| 320 | @a有书目 (第273页)。 | |
| 330 | @a本书共分八章和三个附录,各章分为基本知识综述、重点难点剖析、典型例题解答、习题精选及答案四个层次。 | |
| 606 | 0 | @a数字电路@x电子技术@x解题 |
| 690 | @aTN79@v4 | |
| 701 | 0 | @a蔡明生@Acai ming sheng@4主编 |
| 701 | 0 | @a周子群@Azhou zi qun@4主编 |
| 801 | 0 | @aCN@bRULIN@c20050628 |
| 905 | @a10447@dTN79@eC046 | |
| 数字电子技术基础重点难点剖析与解题指导/蔡明生, 周子群主编.-长沙:湖南大学出版社,2002.10 |
| 273页:图;26cm |
| ISBN 7-81053-544-7:CNY24.00 |
| 本书共分八章和三个附录,各章分为基本知识综述、重点难点剖析、典型例题解答、习题精选及答案四个层次。 |
| ● |
| 相关链接 |
|
|
|
正题名:数字电子技术基础重点难点剖析与解题指导
索取号:TN79/C046
 
预约/预借
| 序号 | 登录号 | 条形码 | 馆藏地/架位号 | 状态 | 备注 |
| 1 | 522076 | 205220768 | 自科库301/301自科库 32排1列4层/ [索取号:TN79/C046] | 在馆 | |
| 2 | 522077 | 205220777 | 自科库301/301自科库 32排1列4层/ [索取号:TN79/C046] | 在馆 |